La mercadotecnia: contribuciones de las ciencias de la conducta

Uloženo v:
Podrobná bibliografie
Hlavní autor: Zaltman, Gerald (Autor)
Médium: Kniha
Jazyk:španělština
Vydáno: Ciudad de México Herrero Hermanos 1968
Edice:Harbrace de Negocios y Economía
Témata:
Tagy: Přidat tag
Žádné tagy, Buďte první, kdo vytvoří štítek k tomuto záznamu!

MARC

LEADER 00000nam a2200000 a 4500
001 UCQ1182
003 CL-VaPUC
008 980709e19681100MX |||||||||||||||||spa|d
082 0 4 |a 658.8  |b ZAL  |2 21 
100 0 |a Zaltman, Gerald  |e author  |9 414843 
245 1 3 |a La mercadotecnia: contribuciones de las ciencias de la conducta 
300 |a 181 p 
942 |c BK 
945 |d 19980709 00:00:00  |a cmena 
260 |a Ciudad de México  |b Herrero Hermanos  |c 1968 
650 0 |a Marketing  |9 259324 
650 0 |a Comercialización   |9 259326 
650 0 |a Publicidad  |9 314572 
650 0 |a Técnicas de venta  |9 338625 
650 0 |a Medios de comunicación  |9 257206 
650 0 |a Consumidores  |9 315658 
650 0 |a Creatividad   |9 310816 
583 |a last modification  |c 19980709 00:00:00  |k Rodrigo Vera 
490 0 |a Harbrace de Negocios y Economía 
999 |c 272186  |d 272184 
952 |0 0  |1 0  |4 0  |6 658_800000000000000_ZAL_1968  |7 0  |8 A  |9 307063  |a BIBENE  |b BIBENE  |d 2019-11-20  |i 1437054  |o 658.8 ZAL 1968  |p 1437054  |r 2025-01-15  |w 2019-11-20  |y BK  |k ICO